ARRUPE JESUIT UNIVERSITY

CORONAVIRUS -STOP THE SPREAD - CLEAN,DISINFECT,COVER

Concordant discord: (Record no. 131542)

MARC details
000 -LEADER
fixed length control field 00898cam a2200277 4500
001 - CONTROL NUMBER
control field 4609040
003 - CONTROL NUMBER IDENTIFIER
control field ARRUPE
005 - DATE AND TIME OF LATEST TRANSACTION
control field 20221121103350.0
008 - FIXED-LENGTH DATA ELEMENTS--GENERAL INFORMATION
fixed length control field 710305s1970 enk b 001 0 eng
010 ## - LIBRARY OF CONGRESS CONTROL NUMBER
LC control number 76540412
015 ## - NATIONAL BIBLIOGRAPHY NUMBER
National bibliography number B70-27423
020 ## - INTERNATIONAL STANDARD BOOK NUMBER
International Standard Book Number 0198266243
028 ## - PUBLISHER NUMBER
Source Arrupe
040 ## - CATALOGING SOURCE
Original cataloging agency DLC
Transcribing agency DLC
Modifying agency DLC
050 00 - LIBRARY OF CONGRESS CALL NUMBER
Classification number BL625
Item number .Z17
082 00 - DEWEY DECIMAL CLASSIFICATION NUMBER
Classification number 291
300 ## - PHYSICAL DESCRIPTION
Dimensions 24 cm.
100 1# - MAIN ENTRY--PERSONAL NAME
Personal name Zaehner, R. C.
Fuller form of name (Robert Charles),
Dates associated with a name 1913-1974.
9 (RLIN) 51870
245 10 - TITLE STATEMENT
Title Concordant discord:
Remainder of title the interdependence of faiths: being the Gifford lectures on natural religion delivered at St. Andrews in 1967-1969,
Statement of responsibility, etc by R. C. Zaehner.
260 ## - PUBLICATION, DISTRIBUTION, ETC. (IMPRINT)
Place of publication, distribution, etc Oxford,
Name of publisher, distributor, etc Clarendon P.,
Date of publication, distribution, etc 1970.
300 ## - PHYSICAL DESCRIPTION
Extent 464 p.
350 ## - PRICE (NR) (BK AM CF MU VM SE) [OBSOLETE]
Price 80/-
504 ## - BIBLIOGRAPHY, ETC. NOTE
Bibliography, etc Includes bibliographical references.
650 #0 - SUBJECT ADDED ENTRY--TOPICAL TERM
Topical term or geographic name as entry element Mysticism
Form subdivision Comparative studies.
9 (RLIN) 51871
906 ## - LOCAL DATA ELEMENT F, LDF (RLIN)
a 7
b cbc
c orignew
d 3
e ncip
f 19
g y-gencatlg
942 ## - ADDED ENTRY ELEMENTS (KOHA)
Source of classification or shelving scheme Library of Congress Classification
Koha item type Monograph ( Printed materials)
Holdings
Withdrawn status Lost status Source of classification or shelving scheme Damaged status Not for loan Home library Current library Shelving location Date acquired Total Checkouts Full call number Barcode Date last seen Price effective from Koha item type
    Library of Congress Classification     ARRUPE LIBRARY ARRUPE LIBRARY Main Collection 21/11/2022   BL625 .Z17 46700000044 21/11/2022 21/11/2022 Monograph ( Printed materials)

 

Arrupe Library. PO Box MP320 Mt Pleasant, Harare, Zimbabwe
263 242 745411|librarian@aju.ac.zw